000 00326 a2200157 4500
001 68118
020 _a9783190117826
040 _cAnchieta - Pituba
100 _aKopp, Gabriele
240 1 0 _aDabei! B1.1
_ldeu / ger
245 1 0 _aDabei! B1.1
300 _a111
362 0 _a2020
650 4 _aLíngua alemã
942 _cBK
999 _c68118
_d68118